Temas de historia económica hispanoamericana

সংরক্ষণ করুন:
গ্রন্থ-পঞ্জীর বিবরন
প্রধান লেখক: Jara Hantke, Álvaro (Author), Kossok, Manfred (Author), Romano, Ruggiero (Author), Villalobos Rivera, Sergio (Author)
অন্যান্য লেখক: Mellafe Rojas, Rolando Bernardo (autor)
বিন্যাস: গ্রন্থ
ভাষা:স্প্যানিশ
প্রকাশিত: París Mouton 1965
মালা:Nova Americana, 1
বিষয়গুলি:
ট্যাগগুলো: ট্যাগ যুক্ত করুন
কোনো ট্যাগ নেই, প্রথমজন হিসাবে ট্যাগ করুন!

MARC

LEADER 00000nam a2200000 a 4500
001 UCX1524
003 CL-VaPUC
008 900913e19650000FR |||||||||||||||||spa|d
082 0 4 |a 980  |b JAR  |2 21 
100 |a Jara Hantke, Álvaro  |e author  |9 559230 
700 |a Kossok, Manfred  |e author  |9 441586 
700 |a Mellafe Rojas, Rolando Bernardo  |e autor  |9 617190 
700 0 |a Romano, Ruggiero  |e author  |9 317046 
700 0 |a Villalobos Rivera, Sergio  |e author  |9 317047 
245 1 0 |a Temas de historia económica hispanoamericana 
300 |a 76 p 
942 |c BK 
945 |d 19900913 00:00:00 
260 |a París  |b Mouton  |c 1965 
650 0 |a Economía  |x Historia  |9 317048 
651 0 |a América Latina   |9 255027 
583 |a last modification  |c 19900913 00:00:00  |k Rodrigo Vera 
490 0 |a Nova Americana, 1 
999 |c 222732  |d 222730 
952 |0 0  |1 0  |4 0  |6 980_000000000000000_JAR_1965  |7 0  |8 A  |9 217887  |a BIBHIS  |b BIBHIS  |d 2019-11-15  |i 2867516  |o 980 JAR 1965  |p 2867516  |r 2025-01-20  |w 2019-11-15  |y BK  |k HIS